Statistics for Countries, US States, Capitals, Elements, 100 Most Common Words: Starting with A - One Minute Sprint

Click here to take the quiz!

General Stats

  • This quiz has been taken 77 times
  • The average score is 23 of 53

Answer Stats

ANSWER % Correct
A
100%
An
95%
And
86%
At
84%
Alabama
77%
Andorra
72%
As
70%
Algeria
68%
Albania
68%
Alaska
67%
Armenia
67%
Arkansas
65%
Australia
61%
Arizona
60%
Austria
60%
Azerbaijan
56%
Afghanistan
53%
Andorra la Vella
51%
Angola
47%
Argentina
47%
Antigua and Barbuda
46%
Accra
44%
Algiers
42%
About
40%
All
40%
Abuja
40%
Athens
40%
Astana
35%
Argon
35%
Addis Ababa
35%
Augusta
33%
Abu Dhabi
33%
Austin
33%
Antananarivo
32%
Amman
32%
Asmara
32%
After
30%
Also
28%
Albany
28%
Aluminium
28%
Astatine
26%
Atlanta
25%
AsunciĆ³n
25%
Any
25%
Ankara
23%
Ashgabat
23%
Apia
23%
Actinium
21%
Amsterdam
21%
Antimony
21%
Americium
19%
Annapolis
14%
Arsenic
12%

Score Distribution

Percentile by Number Answered

Percent of People with Each Score

Your Score History

You have not taken this quiz